Katy Perry - Witness (Lyrics) - Statistics

General Stats
  • This quiz has been taken 4 times
  • The average score is 233 of 354
Answer Stats
Answer % Correct
I
100%
I,
100%
the
100%
witness?
100%
(Witness)
100%
witness
100%
witness?)
100%
(Witness,
100%
you
100%
You
100%
a
67%
ain't
67%
all
67%
and
67%
And
67%
back
67%
be
67%
Can
67%
can
67%
'Cause
67%
connection
67%
Could
67%
for
67%
get
67%
go
67%
got
67%
hit
67%
"If
67%
If
67%
I'm
67%
in
67%
it
67%
just
67%
language
67%
laugh?
67%
life
67%
life,
67%
lookin'
67%
Lookin'
67%
lookin')
67%
lost
67%
love
67%
lows,
67%
me
67%
me?
67%
me)
67%
my
67%
no
67%
Not
67%
of
67%
Oh
67%
oh
67%
(oh)
67%
only
67%
ride
67%
right,
67%
seen
67%
shit
67%
show?
67%
someone
67%
Someone
67%
speaks
67%
stay?
67%
stay
67%
still
67%
this
67%
through
67%
thrown
67%
time,
67%
to
67%
today,
67%
up
67%
want
67%
we
67%
We're
67%
(we're
67%
When
67%
who
67%
Will
67%
(Will
67%
will
67%
with
67%
(with
67%
would
67%
Would
67%
Yeah,
67%
(yeah)
67%
ah)
33%
(ah)
33%
anything,
33%
at
33%
cheers
33%
down
33%
enough
33%
eventually
33%
eyes
33%
fan,
33%
flow,
33%
grenades
33%
hide,
33%
highs,
33%
it's
33%
know,
33%
mat?
33%
mm
33%
Nothin'
33%
one
33%
(ooh,
33%
ooh,
33%
ooh
33%
Roll
33%
stimulate?
33%
tell
33%
that
33%
codes
0%
everything,
0%
Hey
0%
hey"
0%
holes
0%
oh-oh-oh,
0%
Oh-oh-oh,
0%
Oh-oh-oh-oh
0%
Oh-oh-oh-oh,
0%
scroll
0%
their
0%
there's
0%
whoa
0%
you've
0%
No matching quizzes found
Score Distribution
Percent of People with Each Score
Percentile by Number Answered
Your Score History
You have not taken this quiz